000 01048cam a2200301 a 4500
001 23040
003 BD-RjUL
005 20211209000902.0
008 140310s1989 hiub s000 1 eng
020 _a082481178X (alk. paper)
035 _a(BD-RjUL)23105
040 _aDLC
_cDLC
_dDLC
_dBD-RjUL
_beng
041 1 _aengjpn
082 0 0 _a895.635
_219
_bINW 1989
100 1 _aInoue, Yasushi,
_d1907-1991.
_971054
245 1 0 _aWind and waves :
_ba novel /
_cby Yasushi Inoue ; translated by James T. Araki.
260 _aHonolulu :
_bUniversity of Hawaii Press,
_cc1989.
300 _axi, 201 p. :
_bmaps ;
_c22 cm.
500 _aTranslation of: Fūtō.
651 0 _aKorea
_xHistory
_yKoryŏ period, 935-1392
_xFiction.
_971055
651 0 _aKorea
_xHistory
_yMongolian Invasions, 1231-1270
_xFiction.
_971056
651 0 _aJapan
_xHistory
_yAttempted Mongol Invasions, 1274-1281
_xFiction.
_971057
655 7 _aHistorical fiction.
_2gsafd
_971062
942 _2ddc
_cBK
999 _c23040
_d23040